NBA: Finals Champions - Statistics

General Stats
  • This quiz has been taken 30 times
  • The average score is 70 of 79
Answer Stats
Year Winner Loser G FMVP % Correct
2023-24 Boston Celtics Dallas Mavericks 5 G/F Jaylen Brown (BOS
100%
2007-08 Boston Celtics Los Angeles Lakers 6 F Paul Pierce (BOS)
100%
1985-86 Boston Celtics Houston Rockets 6 F Larry Bird (BOS)
100%
1983-84 Boston Celtics Los Angeles Lakers 7 F Larry Bird (BOS)
100%
1980-81 Boston Celtics Houston Rockets 6 SF Cedric Maxwell (BOS)
100%
1975-76 Boston Celtics Phoenix Suns 6 PG Jo Jo White (BOS)
100%
1973-74 Boston Celtics Milwaukee Bucks 7 F John Havlicek (BOS)
100%
1968-69 Boston Celtics Los Angeles Lakers 7 G Jerry West (LAL)
100%
1967-68 Boston Celtics Los Angele Lakers 6
100%
1965-66 Boston Celtics Los Angeles Lakers 7
100%
1964-65 Boston Celtics Los Angeles Lakers 5
100%
1963-64 Boston Celtics Philadelphia Warriors 5
100%
1962-63 Boston Celtics Los Angeles Lakers 6
100%
1961-62 Boston Celtics Los Angeles Lakers 7
100%
1960-61 Boston Celtics St. Louis Hawks 5
100%
1959-60 Boston Celtics St. Louis Hawks 7
100%
1958-59 Boston Celtics Minneapolis Lakers 4
100%
1956-57 Boston Celtics St. Louis Hawks 7
100%
2022-23 Denver Nuggets Miami Heat 5 C Nikola Jokić (DEN)
100%
2003-04 Detroit Pistons Los Angeles Lakers 5 G Chauncey Billups (DET)
100%
1989-90 Detroit Pistons Portland Trail Blazers 5 PG Isiah Thomas (DET)
100%
1988-89 Detroit Pistons Los Angeles Lakers 4 G Joe Dumars (DET)
100%
2021-22 Golden State Warriors Boston Celtics 6 PG Stephen Curry (GSW)
100%
2017-18 Golden State Warriors Cleveland Cavaliers 4 F Kevin Durant (GSW)
100%
2016-17 Golden State Warriors Cleveland Cavaliers 5 F Kevin Durant (GSW)
100%
2014-15 Golden State Warriors Cleveland Cavaliers 6 F Andre Iguodala (GSW)
100%
1974-75 Golden State Warriors Washington Bullets 4 SF Rick Barry (GSW)
100%
2019-20 Los Angeles Lakers Miami Heat 6 F LeBron James (LAL)
100%
2009-10 Los Angeles Lakers Boston Celtics 7 G Kobe Bryant (LAL)
100%
2008-09 Los Angeles Lakers Orlando Magic 5 G Kobe Bryant (LAL)
100%
2001-02 Los Angeles Lakers New Jersey Nets 4 C Shaquille O'Neal (LAL)
100%
2000-01 Los Angeles Lakers Philadelphia 76ers 5 C Shaquille O'Neal (LAL)
100%
1999-00 Los Angeles Lakers Indiana Pacers 6 C Shaquille O'Neal (LAL)
100%
1987-88 Los Angeles Lakers Detroit Pistons 7 F James Worthy (LAL)
100%
1986-87 Los Angeles Lakers Boston Celtics 6 PG Magic Johnson (LAL)
100%
1984-85 Los Angeles Lakers Boston Celtics 6 C Kareem Abdul-Jabbar (LAL)
100%
1981-82 Los Angeles Lakers Philadelphia 76ers 6 PG Magic Johnson (LAL)
100%
1979-80 Los Angeles Lakers Philadelphia 76ers 6 PG Magic Johnson (LAL)
100%
1971-72 Los Angeles Lakers New York Knicks 5 C Wilt Chamberlain (LAL)
100%
2020-21 Milwaukee Bucks Phoenix Suns 6 F Giannis Antetokounmpo (MIL)
100%
1970-71 Milwaukee Bucks Baltimore Bullets 4 C Lew Alcindor (MIL)
100%
2024-25 Oklahoma City Thunder Indiana Pacers 7 G Shai Gilgeous-Alexander (OKC)
100%
1997-98 Chicago Bulls Utah Jazz 6 G Michael Jordan (CHI)
96%
1996-97 Chicago Bulls Utah Jazz 6 G Michael Jordan (CHI)
96%
1995-96 Chicago Bulls Seattle SuperSonics 6 G Michael Jordan (CHI)
96%
1992-93 Chicago Bulls Phoenix Suns 6 G Michael Jordan (CHI)
96%
1991-92 Chicago Bulls Portland Trail Blazers 6 G Michael Jordan (CHI)
96%
1990-91 Chicago Bulls Los Angeles Lakers 5 G Michael Jordan (CHI)
96%
2015-16 Cleveland Cavaliers Golden State Warriors 7 F LeBron James (CLE)
96%
1994-95 Houston Rockets Orlando Magic 4 C Hakeem Olajuwon (HOU)
96%
1993-94 Houston Rockets New York Knicks 7 C Hakeem Olajuwon (HOU)
96%
2012-13 Miami Heat San Antonio Spurs 7 F LeBron James (MIA)
96%
2011-12 Miami Heat Oklahoma City Thunder 5 F LeBron James (MIA)
96%
2005-06 Miami Heat Dallas Mavericks 6 SG Dwyane Wade (MIA)
96%
1972-73 New York Knicks Los Angeles Lakers 5 F/C Willis Reed (NYK)
96%
1969-70 New York Knicks Los Angeles Lakers 7 F/C Willis Reed (NYK)
96%
1982-83 Philadelphia 76ers Los Angeles Lakers 4 C Moses Malone (PHI)
96%
1966-67 Philadelphia 76ers San Francisco Warriors 6
96%
2013-14 San Antonio Spurs Miami Heat 5 F Kawhi Leonard (SAS)
96%
2006-07 San Antonio Spurs Cleveland Cavaliers 4 PG Tony Parker (SAS)
96%
2004-05 San Antonio Spurs Detroit Pistons 7 F/C Tim Duncan (SAS)
96%
2002-03 San Antonio Spurs New Jersey Nets 6 F/C Tim Duncan (SAS)
96%
1998-99 San Antonio Spurs New York Knicks 5 F/C Tim Duncan (SAS)
96%
2010-11 Dallas Mavericks Miami Heat 6 F Dirk Nowitzki (DAL)
93%
1976-77 Portland Trail Blazers Philadelphia 76ers 6 F/C Bill Walton (POR)
93%
1978-79 Seattle SuperSonics Washington Bullets 5 G Dennis Johnson (SEA)
93%
2018-19 Toronto Raptors Golden State Warriors 6 F Kawhi Leonard (TOR)
93%
1977-78 Washington Bullets Seattle SuperSonics 7 F/C Wes Unseld (WSH)
54%
1957-58 St. Louis Hawks Boston Celtics 6
46%
1953-54 Minneapolis Lakers Syracuse Nationals 7
39%
1952-53 Minneapolis Lakers New York Knicks 5
39%
1951-52 Minneapolis Lakers New York Knicks 7
39%
1949-50 Minneapolis Lakers Syracuse Nationals 6
39%
1948-49 Minneapolis Lakers Washington Capitols 6
39%
1955-56 Philadelphia Warriors Fort Wayne Pistons 5
39%
1946-47 Philadelphia Warriors Chicago Stags 5
39%
1954-55 Syracuse Nationals Fort Wayne Pistons 7
39%
1947-48 Baltimore Bullets Philadelphia Warriors 6
18%
1950-51 Rochester Royals New York Knicks 7
18%
No matching quizzes found
Score Distribution
Percent of People with Each Score
Percentile by Number Answered
Your Score History
You have not taken this quiz